| 000 | 01283nam a2200253Ia 4500 | ||
|---|---|---|---|
| 999 |
_c53480 _d53480 |
||
| 001 | 20526 | ||
| 003 | GE_BSU | ||
| 005 | 20250718115511.0 | ||
| 008 | 181216s2017||||ge |||||||||||||| ||geo|| | ||
| 020 | _a9789941245374 | ||
| 040 | _cGE_BSU | ||
| 041 | _ageo | ||
| 080 | _a27-36 თ-54 | ||
| 245 |
_aႧვენი. [ტ.] 11, 11 აპრილი - 20 აპრილი (ახალი სტილით 24 აპრილი - 3 მაისი) _cპროექტის ავტორი და რედაქტორი თამარ მამაცაშვილი ; შემდგენელი კახაბერ კენკიშვილი ; დიზაინერი რატი თორდია. |
||
| 264 |
_aთბილისი : _bპალიტრა L, _c2017. |
||
| 300 |
_a343 გვ. ; _c22 სმ. |
||
| 490 | _aჟურნალ "კარიბჭის" ბიბლიოთეკა თემატიკა | ||
| 541 | _h6 ლ. | ||
| 653 | _aთვენი. 11 აპრილი -20 აპრილი. 11 | ||
| 653 | _aმართლმადიდებლური ეკლესია | ||
| 653 | _aწმინდანთა ცხოვრება | ||
| 653 | _aრელიგია | ||
| 942 |
_cBK _2udc |
||